| 000 | 00698nam a2200229 i 4500 | ||
|---|---|---|---|
| 001 | 145440 | ||
| 003 | ES-MaACL | ||
| 005 | 20230906201231.0 | ||
| 007 | t| | ||
| 008 | 070214s1970 ag r ||||1| spa d | ||
| 100 | 1 |
_aStern, Alfred. _9108120 |
|
| 245 | 1 | 3 |
_aLa filosofía de la historia y el problema de los valores / _cAlfred Stern ; [traducida por Oscar Nudler]. |
| 250 | _a3ª ed. | ||
| 260 |
_aBuenos Aires : _bEudeba, _c1970 ( _fCelina) |
||
| 300 |
_a297 p. ; _c23 cm. |
||
| 490 | 1 | _aTemas de Eudeba | |
| 650 | 4 |
_aHistoria- _xFilosofía. _913380 |
|
| 700 | 1 |
_aNudler, Oscar. _986119 |
|
| 830 | 0 |
_aTemas de Eudeba _9185561 |
|
| 852 |
_aES-MaACL _jE-8873 _bR.93402 |
||
| 999 |
_c145440 _d145440 |
||